A basic course in probability theory /

Bibliographic Details
Main Author: Bhattacharya, R. N. (Rabindra Nath), 1937-
Corporate Author: SpringerLink (Online service)
Other Authors: Waymire, Edward C.
Format: eBook
Language:English
Published: New York : Springer, [2007]
Series:Universitext
Subjects:
Online Access:Connect to the full text of this electronic book

MARC

Tag First Indicator Second Indicator Subfields
LEADER 00000cam a2200000Ia 4500
001 in00002379621
005 20210803091454.0
006 m d
007 cr cn|||||||||
008 080103s2007 nyu sb 001 0 eng d
020 |a 0387719393 
020 |a 9780387719399 
035 |a (OCoLC)187155251 
035 |a (OCoLC)ocn187155251 
037 |a 978-0-387-71938-2  |b Springer  |n http://www.springerlink.com 
040 |a GW5XE  |c GW5XE  |d GW5XE  |d UtOrBLW 
049 |a TEFA 
050 1 4 |a QA273  |b .B573 2007eb 
082 0 4 |a 519.2  |2 22 
100 1 |a Bhattacharya, R. N.  |q (Rabindra Nath),  |d 1937-  |0 http://id.loc.gov/authorities/names/n83176560 
245 1 2 |a A basic course in probability theory /  |c Rabi Bhattacharya, Edward C. Waymire. 
264 1 |a New York :  |b Springer,  |c [2007] 
264 4 |c ©2007 
300 |a xii, 210 pages ;  |c 24 cm. 
336 |a text  |b txt  |2 rdacontent 
337 |a computer  |b c  |2 rdamedia 
338 |a online resource  |b cr  |2 rdacarrier 
490 0 |a Universitext  |0 http://id.loc.gov/authorities/names/n42025686 
500 |a Electronic resource. 
504 |a Includes bibliographical references (pages [201]-204) and index. 
533 |a Electronic reproduction.  |b New York :  |c Springer,  |d 2007.  |n Mode of access: World Wide Web.  |n System requirements: Web browser.  |n Title from title screen (viewed on Dec. 13, 2007).  |n Access may be restricted to users at subscribing institutions. 
650 0 |a Probabilities.  |0 http://id.loc.gov/authorities/subjects/sh85107090 
655 7 |a Electronic books.  |2 local 
700 1 |a Waymire, Edward C.  |0 http://id.loc.gov/authorities/names/n88283745 
710 2 |a SpringerLink (Online service)  |0 http://id.loc.gov/authorities/names/no2005046756 
776 1 |c Original  |z 0387719385  |z 9780387719382  |w (DLC) 2007928731  |w (OCoLC)153582026 
856 4 0 |u http://proxy.library.tamu.edu/login?url=https://dx.doi.org/10.1007/978-0-387-71939-9  |z Connect to the full text of this electronic book  |t 0 
994 |a C0  |b TEF 
999 |a MARS 
999 f f |s 08cd0473-e221-3f22-985a-57d70ec793cb  |i 447c271b-64a3-3429-8289-68bb9ec54620  |t 0 
952 f f |a Texas A&M University  |b College Station  |c Electronic Resources  |d Available Online  |t 0  |e QA273 .B573 2007eb  |h Library of Congress classification 
998 f f |a QA273 .B573 2007eb  |t 0  |l Available Online